00679 2200253 4500001002100000005001500021035002000036007000300056008004100059020002200100082001000122084001600132100003100148245006000179250001000239260003900249300002600288500003100314650002600345700001500371700001700386990001100403990001100414INLIS00000000000343720190520095220 a0010-0519000029ta190520 g 0 ind  a978-602-1683-27-9 a297.2 a297.2 MAH h0 aMAHMUD, Mahdi Al-Istanbuli1 aHadiah Pernikahan Terindah /cMahmud Mahdi Al-Istanbuli acet.1 aDepok :bFathan Media Prima,c2017 axxx, 407 hlm ;c24 cm aJudul asli: Tuhfatul 'Arus 4aISLAM. FIQIH KELUARGA0 aABU, Ahsan0 aAHMAD, Bagir a6553 a a6553 b